| 000 | 01792nam a2200337 4500 | ||
|---|---|---|---|
| 001 | 351 | ||
| 003 | OSt | ||
| 005 | 20250528074018.0 | ||
| 008 | 250401b |||||||g |||| 00| 1 eng d | ||
| 020 | _a9788580415537 | ||
| 040 | _bpor | ||
| 041 |
_heng _apor |
||
| 082 |
_a813 _bF299m |
||
| 100 |
_aFeist, Raymond E. _d1945- _9441 |
||
| 240 | _aMagician: Darkness at Sethanon | ||
| 245 |
_aMago: _bAs trevas de Sethanon / _cFeist, Raymond E. ; Tradução de Rui Azevedo e José Remelhe |
||
| 260 |
_aSão Paulo _bArqueiro _c2016 |
||
| 300 | _a462 p. | ||
| 490 | 1 |
_aA saga do Mago _vLivro 04 |
|
| 520 | _aVentos malignos sopram sobre Midkemia. As legiões negras ergueram-se para esmagar o Reino das Ilhas e escravizá-lo com o terrível poder de sua magia. A batalha final entre a Ordem e o Caos está prestes a começar nas ruínas de uma cidade chamada Sethanon. Agora Pug, o mestre conhecido por Milamber, terá à sua frente a incrível e perigosa missão de viajar até a aurora do tempo e lidar com um antigo e temível inimigo. O destino de mil mundos dependerá apenas dele. Enquanto o Príncipe Arutha e os seus companheiros reúnem as suas hostes para a batalha final contra um misterioso demônio ancestral, o temido necromante Macros, o Negro, libertou mais uma vez a sua magia negra. O destino de dois mundos será decidido numa luta colossal sob as muralhas de Sethanon, quando são restaurados os laços entre Kelewan e Midkemia. | ||
| 650 | 0 |
_aLiteratura Americana _984 |
|
| 650 | 0 |
_aFantasia _945 |
|
| 650 | 0 |
_aAventura _947 |
|
| 650 | 0 |
_aSeres mágicos _946 |
|
| 655 | 0 |
_aRomance _923 |
|
| 655 | 0 |
_aFicção _922 |
|
| 700 |
_aRui Azevedo _eTradução _9730 |
||
| 700 |
_aJosé Remelhe _eTradução _9731 |
||
| 830 |
_aA saga do Mago _vLivro 04 _9443 |
||
| 942 |
_2ddc _n0 _cBK |
||
| 999 |
_c351 _d351 |
||